Taikei keizaigaku jiten /

Saved in:
Bibliographic Details
Main Author: Takahashi, Taizō, 1905-
Format: Book
Language:Japanese
Published: Tōkyō : Tōyō Keizai Shinpōsha, Shōwa 23 [1948]
Subjects:
Tags: Add Tag
No Tags, Be the first to tag this record!
LEADER 00916nam a2200241 a 4500
001 007743553-2
005 20024617121422.0
008 950202s1948 ja a bd 001 0 jpn d
035 0 |a ocm31921522 
040 |a MdU  |c MdU  |d *YNH*  |d CStRLIN 
100 1 |6 880-01  |a Takahashi, Taizō,  |d 1905- 
245 1 0 |6 880-02  |a Taikei keizaigaku jiten /  |c Takahashi Taizō, Masuda Shirō henshū. 
260 |6 880-03  |a Tōkyō :  |b Tōyō Keizai Shinpōsha,  |c Shōwa 23 [1948] 
300 |a 7, 28, 724, 16, 44 p. ;  |c 18 cm. 
504 |a Includes bibliographical references (p. 649-724) and indexes. 
650 0 |a Economics  |x Dictionaries  |x Japanese. 
740 0 |6 880-04  |a Keizaigaku jiten. 
880 1 |6 100-01  |a 高橋泰藏,  |d 1905- 
880 1 0 |6 245-02  |a 體系經濟學辭典 /  |c 高橋泰藏編集. 
880 |6 260-03  |a 東京 :  |b 東洋經濟新報社,  |c 昭和23 [1948] 
880 0 |6 740-04  |a 經濟學辭典. 
988 |a 20021219 
906 |0 OCLC